| 000 | 00370 a2200109 4500 | ||
|---|---|---|---|
| 001 | ART_8066 | ||
| 005 | 20260410161831.0 | ||
| 008 | 260409a | ||
| 245 | 1 | 0 | _aLas empresas transnacionales y los derechos humanos |
| 100 | 1 | _aGómez Isa, Felipe | |
| 773 | 0 |
_tBoletín de estudios económicos _gÉtica y economía - Vol. 55, Nº 170 (ago. 2000) _wREV5142 |
|
| 999 |
_c23249 _d23249 |
||